| 000 | 00680nam a2200241 a 4500 | ||
|---|---|---|---|
| 001 | nice12345678 | ||
| 003 | IN_TiNIC | ||
| 005 | 20260116012836.0 | ||
| 008 | 050524s1986 dela grp 000 0 eng | ||
| 020 |
_a _c95 |
||
| 082 | 0 | 0 |
_a297.4 _bJAC1 |
| 100 | _aJackson, Paul S, J | ||
| 245 |
_aKhwan-I-pur Nemat _bA Table Laden With Good Thing |
||
| 260 |
_aDelhi _bIdarah-I Adabiyat-I Delli _c1986 |
||
| 300 | _a174p | ||
| 500 | _aincludes index and biblioraphy | ||
| 505 | 2 | _aPapers presented to the islamic studies group of american academy of religion. | |
| 650 | _aSufism-Malfoozat | ||
| 700 | 1 | _aJackson, Paul S, J | |
| 902 | _bSRS | ||
| 942 | _cBK | ||
| 999 |
_c8601 _d8601 |
||